[Rezension von: Breßler, Jana (Hg.), Stadtwende]
Gespeichert in:
| Veröffentlicht in: | Sehepunkte 24(2024), 2 vom: 15. Feb. |
|---|---|
| VerfasserIn: | |
| Dokumenttyp: | Online-Ressource Aufsatz |
| Sprache: | German |
| Veröffentlicht: |
2024
|
| Schlagwörter: | |
| Online Zugang: | Volltext |
| Bibliogr. Hinweis: | Enthalten in:
Sehepunkte Rezension von: Stadtwende |
| Verantwortlich: | Hanno Hochmuth |
| LEADER | 01480naa a2200313 c 4500 | ||
|---|---|---|---|
| 001 | 193098930X | ||
| 003 | DE-627 | ||
| 005 | 20250717084648.0 | ||
| 007 | cr uuu---uuuuu | ||
| 008 | 250717s2024 xx |||||oo 00| ||ger c | ||
| 035 | |a (DE-627)193098930X | ||
| 035 | |a (DE-599)KXP193098930X | ||
| 040 | |a DE-627 |b ger |c DE-627 |e rda | ||
| 041 | |a ger | ||
| 100 | 1 | |a Hochmuth, Hanno |d 1977- |e VerfasserIn |0 (DE-588)1138813311 |0 (DE-627)896406709 |0 (DE-576)492717583 |4 aut | |
| 245 | 1 | 0 | |a [Rezension von: Breßler, Jana (Hg.), Stadtwende] |c Hanno Hochmuth |
| 264 | 1 | |c 2024 | |
| 336 | |a Text |b txt |2 rdacontent | ||
| 337 | |a Computermedien |b c |2 rdamedia | ||
| 338 | |a Online-Ressource |b cr |2 rdacarrier | ||
| 655 | 7 | |a Rezension |0 (DE-588)4049712-4 |0 (DE-627)106186019 |0 (DE-576)209083166 |2 gnd-content | |
| 773 | 0 | 8 | |i Enthalten in |t Sehepunkte |d München : Ludwig-Maximilians-Univ., 2001 |g 24(2024), 2 vom: 15. Feb. |h Online-Ressource |w (DE-627)33678273X |w (DE-600)2062440-2 |w (DE-576)117978736 |x 1618-6168 |7 nnas |
| 773 | 1 | 8 | |g volume:24 |g year:2024 |g number:2 |g day:15 |g month:02 |
| 787 | 0 | 8 | |i Rezension von |t Stadtwende |d Berlin : Ch. Links Verlag, 2022 |h 319 Seiten |w (DE-627)1799883159 |z 9783962891633 |z 3962891633 |
| 856 | 4 | 0 | |u https://www.sehepunkte.de/2024/02/37492.html |q application/pdf |v 2025-07-17 |x Verlag |y Volltext |z kostenfrei |3 Volltext |7 0 |
| 951 | |a AR | ||
| 994 | |u https://www.sehepunkte.de/2024/02/37492.html | ||
| 991 | |a Rezension (Monographie, Zeitschrift, Aufsatz) | ||
| 999 | |a KXP-PPN193098930X |e 4978821185 | ||


